Social background of political leadership in India (Record no. 351145)

000 -LEADER
fixed length control field 00427cam a22001337a 4500
008 - FIXED-LENGTH DATA ELEMENTS--GENERAL INFORMATION
fixed length control field 180718b1983 xxu||||| |||| 00| 0 eng d
082 ## - DEWEY DECIMAL CLASSIFICATION NUMBER
Classification number G1x5453 P644
100 ## - MAIN ENTRY--PERSONAL NAME
Personal name Pallai, G. Narayana
245 ## - TITLE STATEMENT
Title Social background of political leadership in India
Statement of responsibility, etc. by G. Narayana Pillai
260 ## - PUBLICATION, DISTRIBUTION, ETC.
Place of publication, distribution, etc. New Delhi
Name of publisher, distributor, etc. Uppal
Date of publication, distribution, etc. 1983
300 ## - PHYSICAL DESCRIPTION
Extent 188p.
650 ## - SUBJECT ADDED ENTRY--TOPICAL TERM
Topical term or geographic name entry element Kerala (India) --Politics and government
650 ## - SUBJECT ADDED ENTRY--TOPICAL TERM
Topical term or geographic name entry element Politicians --India --Kerala
Holdings
Withdrawn status Lost status Damaged status Not for loan Permanent Location Current Location Date acquired Full call number Barcode Date last seen Price effective from Koha item type
        Indian Institute of Public Administration Indian Institute of Public Administration 1993-11-10 G1x5453 P644 59251 2018-07-21 2018-07-21 Book

Powered by Koha